[Event "PRO Chess League"]
[Site "Chess.com"]
[Date "2017.01.18"]
[Round "?"]
[White "Preotu, Razvan"]
[Black "LeSiège, Alexandre"]
[Result "1-0"]
[WhiteElo "2495"]
[BlackElo "2512"]
[Annotator "John Upper"]
[PlyCount "81"]
[EventDate "2017.??.??"]
[EventType "team (rapid)"]
[EventCountry "NET"]
[SourceTitle "Chess Canada Tactiosauru"]
[Source "CFC/John Upper"]
[SourceDate "2023.03.11"]
[SourceVersion "1"]
[SourceVersionDate "2023.03.11"]
[SourceQuality "1"]
[WhiteTeam "Toronto Dragons"]
[BlackTeam "Montreal Chessbrahs"]

1. e4 e5 2. Nf3 Nc6 3. Bb5 a6 4. Ba4 Nf6 5. O-O Be7 6. Re1 b5 7. Bb3 d6 8. c3
O-O 9. h3 Nb8 10. d4 Nbd7 11. Nbd2 Bb7 12. Bc2 Re8 13. Nf1 Bf8 14. Ng3 g6 15.
a4 c5 16. d5 c4 17. Bg5 Nc5 18. Qd2 Be7 19. Be3 Nfd7 20. Nh2 h5 21. Rf1 Bf6 22.
f4 exf4 23. Rxf4 Be5 24. Raf1 Bxf4 25. Bxf4 {[#] [#]Critical Position ...h4 or
...Qe7} h4 $2 {Natural, since it undermines e4, but it lets White bring one
more piece into the attack with...} (25... Qe7 $142 {when White has some
compensaiton in dark-square control.}) 26. Ng4 $3 $40 hxg3 27. Bxd6 $1 {
White is down a R for a pawn, but Black is busted. The immediate threat is
Nh6+ then takes on f7.} ({White's dark square attack is so strong that even} 
27. Bxg3 {wins!}) 27... f6 (27... Qh4 $5 {lets the Q defend, but it's not
enough:} 28. Bxc5 $1 (28. Nh6+ {shows another attacking idea:} Kh8 29. Bxg3 $1
Qxg3 30. Nxf7+ Kg8 31. Qh6 $18 {and Black has to give up the Q to prevent mate
on h8.}) 28... Nxc5 29. Nh6+ Kh8 30. Qd4+ Kh7 31. Rxf7+ Kxh6 32. Qg7+ Kh5 (
32... Kg5 33. Rf5#) 33. Bd1+ $18 {mating.}) 28. Qh6 Re7 29. e5 (29. Nxf6+ Nxf6
30. Rxf6 $18) 29... Rh7 30. Qxg6+ Rg7 31. Nh6+ Kh8 32. Qh5 Qe8 33. Nf7+ Kg8 34.
Nh6+ Kh8 35. Qh4 $1 $18 Nd3 36. Bxd3 cxd3 37. exf6 (37. e6 $1 Rh7 38. Rxf6 $1 (
38. exd7 $4 Qe3+ 39. Kh1 Rxh6 $19) 38... Nxf6 39. Qxf6+ Rg7 40. Qh4 $1 (40.
Nf7+ Kg8 41. Be5 {wins more slowly.}) 40... Rh7 41. Be5+ $18 {#2}) 37... Rh7 {
[%mdl 32832] [#] Critical Position} 38. f7 $4 {The only mistake... but it
could have turned a brilliancy into a loss.} (38. Qd4 $8 $18 {e.g.} Rf7 (38...
Rxh6 39. f7+ $18) 39. Nxf7+ Qxf7 40. Rf4 $1 Qxd5 41. Rh4+ Kg8 42. Qg4+ Kf7 (
42... Qg5 43. Qe6#) 43. Rh7+ Kxf6 44. Be7+ Ke5 45. Rh5#) 38... Qd8 $4 {Luckily
for White, Black got fixated on trading Qs.} (38... Qe3+ $142 39. Kh1 Qxh6 $8
$19) 39. Qd4+ Rg7 40. f8=Q+ Qxf8 41. Bxf8 {attack2mateU won on time} 1-0

[Event "Tata Steel-B 79th"]
[Site "Wijk aan Zee"]
[Date "2017.01.25"]
[Round "10"]
[White "Lu, Shanglei"]
[Black "Hansen, Eric"]
[Result "0-1"]
[WhiteElo "2612"]
[BlackElo "2603"]
[Annotator "John Upper"]
[PlyCount "40"]
[EventDate "2017.01.14"]
[EventType "tourn"]
[EventRounds "13"]
[EventCountry "NED"]
[EventCategory "14"]
[SourceTitle "Chess Canada Tactiosauru"]
[Source "CFC/John Upper"]
[SourceDate "2023.03.11"]
[SourceVersion "1"]
[SourceVersionDate "2023.03.11"]
[SourceQuality "1"]

1. Nc3 d5 2. e4 dxe4 3. Nxe4 Nf6 4. Nxf6+ exf6 5. d4 Bd6 6. Bd3 O-O 7. c3 Re8+
8. Ne2 c5 9. Be3 Nd7 10. Qc2 g6 11. O-O-O Qc7 12. Qd2 c4 13. Bb1 Nb6 {[%mdl
32768] [#]} 14. h4 $2 {Thematic, but apparently the losing move.} ({White had
to prevent Black's next move with} 14. d5 $1 $15) 14... Nd5 $1 {Attacking Be3
and supporting ...f5-f4 when Black has material-winning pressure on the e-file.
} 15. h5 Bg4 $1 16. Rh4 f5 {[%mdl 32832]} 17. Rdh1 {[#]Critical Position} Re7
$1 $19 {Simply doubling on the e-file, with the bonus of protecting along the
7th.} (17... Bxe2 $2 18. hxg6 $8 (18. Qxe2 $2 g5 $1 $19 (18... f4 $4 19. hxg6
$1 fxe3 20. Rxh7 $18)) 18... Nxe3 (18... fxg6 $2 19. Rxh7 $16) 19. fxe3 fxg6 (
19... hxg6 20. Qxe2 Bf4 21. R4h3 $16) 20. Rxh7 $1 Qxh7 21. Rxh7 Kxh7 22. Qxe2
Bf4 23. Qxc4 $16) (17... Be7 $5 {is also strong, but less straight forward:}
18. hxg6 (18. Bg5 Bxg5 19. Qxg5 Rxe2 20. hxg6 fxg6 21. Rxg4 fxg4 22. Qxd5+ Qf7
$19) 18... Bxh4 19. gxf7+ Qxf7 20. Rxh4 Nxe3 $19) 18. Bc2 (18. f3 {doesn't
save White, since Black has both the simple} Bxh5 $19 ({and the ruthless} 18...
Rxe3 19. fxg4 Rxe2 20. Qxe2 Bf4+ 21. Kd1 Ne3+ $19)) 18... Rae8 19. Ba4 {
[#] Black could have prevented this with ...b5 on the previous move, but there
was no need as he has a crushing continuation:} Rxe3 {Not the only winning
move, but the most forcing.} (19... Nxe3 20. Bxe8 Nxg2 $19) 20. hxg6 (20. fxe3
Rxe3 {with enough material and threats on e2 and the c1-f4 diagonal.}) 20...
fxg6 0-1

[Event "Hart House Reading Week Open"]
[Site "Toronto"]
[Date "2017.02.18"]
[Round "2"]
[White "Hua, Eugene"]
[Black "Issani, Nameer"]
[Result "1-0"]
[WhiteElo "2303"]
[BlackElo "2205"]
[Annotator "John Upper"]
[PlyCount "105"]
[EventDate "2017.??.??"]
[EventType "swiss"]
[EventRounds "5"]
[EventCountry "CAN"]
[SourceTitle "Chess Canada Tactiosauru"]
[Source "CFC/John Upper"]
[SourceDate "2023.03.11"]
[SourceVersion "1"]
[SourceVersionDate "2023.03.11"]
[SourceQuality "1"]

{[%evp 0,105,16,-14,-21,-39,-32,-44,-44,-27,-19,-11,-19,-8,-13,-11,-3,1,-3,-7,
6,-3,-23,15,45,41,42,17,2,6,0,-11,-20,-71,-56,-60,-10,-14,9,-1,-4,-1,2,-36,4,
-11,22,-74,-71,-106,-95,-67,-67,-81,-121,-121,-62,-62,-71,-132,40,-52,-29,-66,
2,-71,-14,0,0,-41,0,-132,-156,-156,-194,-410,-305,-319,-319,-328,-271,-116,0,0,
0,0,0,0,0,0,159,206,236,281,291,302,302,345,313,400,418,463,517,530,675,675,
675,611]} 1. c4 e5 2. g3 Nf6 3. Bg2 Nc6 4. Nc3 Bc5 5. Nf3 d6 6. d3 a6 7. a3 O-O
8. O-O h6 9. h3 Be6 10. b4 Ba7 11. Bb2 Nh5 12. e3 f5 13. b5 axb5 14. cxb5 Na5
15. Kh2 Nf6 16. d4 e4 17. Nd2 d5 18. a4 c6 19. Ba3 Rf7 20. bxc6 bxc6 21. Nb3
Nxb3 22. Qxb3 g5 23. Rfb1 f4 24. Bc5 Bb8 25. exf4 gxf4 26. Nxe4 Nxe4 (26... Nh5
$1 27. Qd1 Nxg3 $1 28. Nxg3 fxg3+ 29. fxg3 Bxg3+ $8 $19) 27. Bxe4 fxg3+ 28.
fxg3 Rg7 $1 {[%mdl 32833] [#]Critical Position Black is down a pawn but is
threatening g3 and has four pieces pointed at the White K. Tactically, both
LSBs might come off the board (if Black chooses) and White's Q is currently
forced to keep the pin on the d5-pawn.} 29. Rg1 $2 (29. Ra3 $8 {a
preposterous-looking defensive move, but the best available, and keeps the
game alive.} Bxg3+ (29... Rxg3 $4 30. Qxb8 $8 Rxb8 31. Rxg3+ $8 $18) (29... Bc7
30. Bg2 $1) 30. Qxg3 Rxg3 31. Rxg3+ Kh8 $8 $13 {Materially, Black is ahead,
but his exposed K and White's active pieces make it a game which would likely
end in any number of possible blunders; e.g.} (31... Kf7 $2 32. Rf1+ $18 {
wins the Q for a R.}) 32. Bg2 (32. Bd3 Rb8 $4 33. Be7 $18) 32... Qc7 (32... Rb8
$2 33. Re1 Qd7 34. a5 $8 Ra8 35. Re5 Rxa5 36. Rh5 Kh7 37. Bf8 $18) (32... Rxa4
$4 33. Rb7 $18) 33. Bb6 $8 (33. Re1 $4 Rg8 34. Ree3 Rxg3 35. Rxg3 h5 36. h4 Qf4
$19) 33... Qd6 34. Bc5 $1 $11) 29... Qc8 $2 {Defends the Be6 and so threatens .
..dxe4.} (29... Qh4 $4 30. Qxb8+ $18) (29... Qc7 30. Bc2 $1 $16 {threatens Qe3
(forking e6 and h6) and with White's Ra1 coming to the f-file, now White will
have more pieces pointed at the Black K than vice versa.}) (29... Qg5 $1 {
threatens ...Bxh3 then ...Qg4.} 30. Raf1 $8 {threatens Rf8#.} Bc7 $17 {defends
f8 and renews the threat to h3.}) (29... Bc7 $3 $19 {puts the B on a safe
square so that ...Qh4 is a killing threat. The game might end like this:} 30.
Bd3 Qh4 31. Bf1 Rb8 $8 32. Qc3 Bxh3 33. Bxh3 Rb2+ $1 34. Qxb2 Bxg3+ 35. Kg2
Qe4+ 36. Kf1 Qf3+ 37. Qf2 Qxf2#) 30. Bf3 Bxh3 $15 31. Qe3 Bf5 32. Rg2 Qd8 33.
Kg1 $1 {Getting off h2 means no check from Black's DSB and no h-file pin after
Qxh6.} Bh3 34. Qxh6 Bxg2 {[#]} 35. Qe6+ $2 (35. Bxg2 $2 Qd7 $8 $19 (35... Bxg3
36. Qxc6 $13)) (35. Bg4 $3 Rxg4 36. Qe6+ $13 Kh8 37. Qxg4 Be4 38. Rf1 $1 {
threatening Rf8 and Rf7.} Bxg3 $8 39. Qxg3 Qg8 $8 $11) 35... Kh8 $19 36. Bxg2 (
36. Kxg2 Rxg3+ 37. Kf1 Ra7 $19 (37... Rxf3+ $4 38. Ke2 $11)) 36... Bxg3 37. Rf1
Qh4 38. Rf6 Bf4 39. Kf1 Rxg2 $4 (39... Rb8 $19 {or ...Rb7 for a winning
counter attack.}) 40. Kxg2 $11 Rg8+ 41. Rg6 $8 Qh2+ 42. Kf3 Qh5+ 43. Rg4 Qh1+
44. Kxf4 {[#]} Qf1+ $4 (44... Qh2+ $8 $11 45. Ke3 Qh3+ $8 46. Kf2 Rxg4 (46...
Qxg4 $4 47. Qh6#) 47. Qf6+ Kh7 48. Qf5+ $8 {and White has a perpetual.}) 45.
Ke5 $18 Qe2+ 46. Kf6 $8 (46. Kd6 $2 Rd8+ 47. Kc7 (47. Ke7 Re8+ $19) 47... Qxe6
48. Rh4+ Kg7 49. Kxd8 Qf6+ 50. Be7 $13) 46... Qf3+ 47. Qf5 $8 Qxg4 48. Qxg4 $8
Rxg4 49. a5 Rg2 50. a6 Rf2+ 51. Ke6 Kg7 52. a7 Ra2 53. Kd7 1-0

[Event "Carnival"]
[Site "Quebec"]
[Date "2017.02.19"]
[Round "5"]
[White "Poulin, Mathieu"]
[Black "Sambuev, Bator"]
[Result "0-1"]
[WhiteElo "2165"]
[BlackElo "2584"]
[Annotator "Bator Sambuev"]
[PlyCount "56"]
[EventDate "2017.??.??"]
[EventType "swiss"]
[EventRounds "5"]
[EventCountry "CAN"]
[SourceTitle "Chess Canada Tactiosauru"]
[Source "CFC/John Upper"]
[SourceDate "2023.03.11"]
[SourceVersion "1"]
[SourceVersionDate "2023.03.11"]
[SourceQuality "1"]

{[%evp 0,56,16,28,28,6,6,6,26,28,27,27,7,31,27,13,5,-5,20,13,13,-67,6,14,5,-16,
-31,-31,29,13,24,14,58,58,93,66,66,35,43,-98,-170,-155,-123,-140,-138,-156,
-173,-221,-161,-207,-198,-204,-138,-260,-258,-567,-575,-582,-611]} 1. d4 Nf6 2.
c4 e6 3. Nc3 Bb4 4. e3 c5 5. Nge2 b6 6. a3 Ba5 7. Rb1 Na6 8. f3 O-O 9. e4 d5
10. cxd5 exd5 11. e5 Ne8 12. Ng3 Nec7 13. Be3 f5 14. f4 Ne6 15. Nge2 Rb8 $3 {
"allows me to reach the main goal: to blow up the centre! It took more than 20
minutes to find this move." - Sambuev} 16. g3 b5 17. Kf2 b4 18. axb4 Rxb4 {
[%mdl 32832] [#] Critical Position} 19. Bg2 $4 {And now the decisive mistake.}
({editor -} 19. dxc5 $1 {is the saving move, because} d4 {does not win a piece
after} ({Instead of ...d4, Black should try} 19... Naxc5 20. Nxd5 (20. Qxd5 $4
Ne4+ $1 21. Kg2 Nxc3 22. Qxd8 Bb7+ $19 {Black will be up a piece with both
White's Rs hanging.}) 20... Ne4+ 21. Kg1 $15 {Black is still down a pawn, but
White's development is woeful.}) 20. Nxd4 Nxd4 21. Na2 $8 {and the Rb4 has no
safe square.}) 19... cxd4 20. Nxd4 Rxd4 21. Bxd4 Nxd4 $19 {Black has a B and N
for the RP, and the rest is simple.} 22. Nxd5 Be6 23. b4 (23. Qxd4 Bb6 $19 {
and both the N and Q are pinned.}) 23... Bb6 24. Ne3 Nc7 25. Qd3 Rf7 26. Rhd1
Rd7 27. Kf1 Ndb5 28. Qxd7 Bxd7 {For some reason my opponent made another
several moves, but let's say he resigned here.} 0-1

[Event "PRO Chess League"]
[Site "Chess.com"]
[Date "2017.03.01"]
[Round "?"]
[White "Preotu, Razvan"]
[Black "Kumar, Nikhil"]
[Result "0-1"]
[WhiteElo "2495"]
[BlackElo "2076"]
[Annotator "John Upper"]
[PlyCount "58"]
[EventDate "2017.??.??"]
[EventType "team (rapid)"]
[EventCountry "NET"]
[SourceTitle "Chess Canada Tactiosauru"]
[Source "CFC/John Upper"]
[SourceDate "2023.03.11"]
[SourceVersion "1"]
[SourceVersionDate "2023.03.11"]
[SourceQuality "1"]
[WhiteTeam "Toronto Dragons"]
[BlackTeam "Miami Cheaters"]

{[%evp 0,58,22,22,71,71,68,75,69,50,45,31,32,34,61,10,23,59,-36,-30,-26,-14,9,
43,-53,-30,-7,3,-5,-71,-103,-149,-145,-191,-194,-212,-257,-250,-204,-246,-244,
-242,-264,-225,-225,-469,-472,-803,-385,-396,-430,-430,-441,-452,-447,-454,
-461,-463,-454,-467,-471]} 1. e4 c6 2. d4 d5 3. e5 Bf5 4. Nf3 e6 5. Be2 Ne7 6.
O-O c5 7. c4 Nbc6 8. dxc5 d4 9. Qb3 Qd7 10. Rd1 Ng6 {[#]} 11. Be3 ({It has
been years since the Caro could be considered a safe refuge from
computer-driven opening prep. Here's an example:} 11. Nc3 $142 f6 12. exf6 gxf6
13. Nd5 $5 Kf7 $1 (13... exd5 $4 14. cxd5 Nce5 15. Bb5 $18) 14. g4 $1 Bxg4 15.
Ng5+ $8 fxg5 $8 16. Bxg4 $8 Nce5 $1 17. Bxg5 $1 Bxc5 $1 (17... Nxg4 $2 18. Qf3+
$18) 18. Nf6 (18. Qg3 $142) 18... Qc6 $1 $11 19. Bh5 $8 Kg7 20. Qg3 Raf8 21.
Re1 Rxf6 22. Rxe5 Rf7 23. Bxg6 hxg6 24. Bf4 Be7 25. Re2 Qxc4 26. Rae1 d3 $13 {
(1-0, 45) Vachier Lagrave,M (2757)-Ding,L (2732) Wijk aan Zee, 2015.}) 11...
Bxc5 12. Qb5 b6 13. Nxd4 Bxd4 14. Bxd4 Rd8 15. Nc3 $8 a6 $15 {[#]} 16. Qxa6 $2
(16. Qa4 $8 $13 b5 (16... Nxd4 17. Rxd4 $8 Qxa4 18. Rxd8+ Kxd8 19. Nxa4 $11) (
16... a5) 17. Qxa6 $1 (17. cxb5 $2 Nxd4 $19) 17... Nxd4 18. Nxb5 Nxe2+ 19. Kf1
Ng3+ $1 (19... Bd3 $2 20. Nd6+ Ke7 21. Rxd3 $18) 20. Ke1 $8 (20. hxg3 $2 Bd3+
$8 21. Kg1 Nxe5 $19 {(½-½, 31) Zhang,C (2156)-Kumar,N (2014) Indianapolis,
2016.}) 20... Bd3 $8 21. Nd6+ Ke7 (21... Kf8 22. Rxd3 Nxe5 23. Rd2 Nf5 24. Rad1
$18) 22. Rxd3 Nxe5 23. Nf5+ Nxf5 24. Rxd7+ Rxd7 $13) 16... Nxd4 $19 17. Bf1 {
[%mdl 32832] [#] Critical Position Can Black castle, or does it drop a piece?}
(17. Kf1 Nf4 $1 $19) 17... O-O $1 {...Bc2 is also good.} 18. Nb5 {Seems to win
the piece back, but because it undefends the Rd1...} Nf3+ $8 $19 19. gxf3 Qxd1
20. Rxd1 Rxd1 21. Nc3 Re1 22. c5 {Opening the diagonal for the Q stops ...Bd3
and defends f1.} (22. Ne4 {hopes to defend f1} Bh3 23. Ng3 h5 $19) (22. Kg2 {
unpins, but loses to a more complex attack:} Nf4+ 23. Kg3 g5 $1 $19 24. c5 (24.
Bg2 Rg1 {and mate next.}) 24... Nh5+ 25. Kg2 Bd3 $19 26. Bxd3 (26. Qxd3 Nf4+
$19) 26... Nf4+ 27. Kg3 Rg1#) 22... Bh3 23. cxb6 Bxf1 24. Qxf1 Rxf1+ 25. Kxf1
Rb8 26. b4 Rxb6 27. b5 Nxe5 28. Ke2 Nc4 29. Kd3 Na3 {Bhonda won by resignation.
But see sidebar.  Toronto lost this match by one point. But after this match,
Toronto captain Glenn Giffin was notified by chesss.com that Toronto would
advance because a Miami player had violated chess.com's "fair play" rules.
Miami protested, and their disqualification was overturned.  Nikhil Khumar's
chess.com account shows no games in the five years after this match -- perhaps
a sign that he has been banned by chess.com for cheating -- but his game
scores were allowed to stand, allowing Miami to advance to the next round of
the playoffs.  Suspicious people might think it relevant the chess.com
ambassador GM Hikaru Nakamura was a member of the Miami team, and would have
been eliminated from the PRO League play-offs if any of his teammates had been
caught and identified as a cheater.  Another delightful mystery. 
Coincidentally, in the last few months of 2016, just before this game was
played, Nikhil Kumar's FIDE rating shot up from 2000 to 2479. Suspicions of
OTB cheating were aroused, and his FIDE rating spent 2017 dropping the
mid-2200s.  ------------------------------ discussion and links to games: 
https://forum.chesstalk.com/forum/
chesstalk-canada-s-chess-discussion-board-go-to-www-strategygames-ca-for-your-c
hesstalk-canada-s-chess-discussion-board-go-to-www-strategygames-ca-for-your-ch
esstalk-canada-s-chess-discussion-board-go-to-www-strategygames-ca-for-your-che
sstalk-canada-s-chess-discussion-board-go-to-www-strategygames-ca-for-your-ches
stalk-canada-s-chess-discussion-board-go-to-www-strategygames-ca-for-your-chess
talk-canada-s-chess-discussion-board-go-to-www-strategygames-ca-for-your-chess-
alk-canada-s-chess-discussion-board-go-to-www-strategygames-ca-for-your-chess-n
lk-canada-s-chess-discussion-board-go-to-www-strategygames-ca-for-your-chess-ne
k-canada-s-chess-discussion-board-go-to-www-strategygames-ca-for-your-chess-nee
-canada-s-chess-discussion-board-go-to-www-strategygames-ca-for-your-chess-need
canada-s-chess-discussion-board-go-to-www-strategygames-ca-for-your-chess-needs
anada-s-chess-discussion-board-go-to-www-strategygames-ca-for-your-chess-needs/
15927-toronto-dragons?p=167999#post167999} 0-1

[Event "Blackpool Chess Conference"]
[Site "Blackpool"]
[Date "2017.03.12"]
[Round "5"]
[White "Zhou, Qiyu"]
[Black "Fallowfield, Jeremy R"]
[Result "1-0"]
[WhiteElo "2287"]
[BlackElo "2069"]
[Annotator "John Upper"]
[PlyCount "61"]
[EventDate "2017.03.12"]
[EventType "swiss"]
[EventCountry "ENG"]
[SourceTitle "Chess Canada Tactiosauru"]
[Source "CFC/John Upper"]
[SourceDate "2023.03.11"]
[SourceVersion "1"]
[SourceVersionDate "2023.03.11"]
[SourceQuality "1"]

{[%evp 0,61,16,14,51,40,69,49,49,37,37,31,56,28,30,37,30,25,28,32,25,-16,-6,4,
-4,-2,-4,26,30,27,41,21,21,21,83,63,80,54,54,28,69,50,90,56,78,50,70,73,87,119,
103,101,216,220,313,325,379,370,377,377,29993,29994,29995,29996]} 1. e4 c5 2.
Nf3 d6 3. d4 cxd4 4. Nxd4 Nf6 5. Nc3 a6 6. Be3 e5 7. Nb3 Be6 8. h3 Be7 9. Qf3
Nbd7 10. g4 h6 11. O-O-O b5 12. Qg2 b4 13. Nd5 Bxd5 14. exd5 a5 15. f4 a4 16.
Nd2 b3 17. axb3 axb3 18. Nxb3 exf4 19. Bxf4 O-O 20. Bd3 Nc5 21. Nxc5 $8 {
[%mdl 32832] [#]Critical Position Is White winning a piece after 21...dxc5 22.
d6?} Ra1+ $2 {This does force White's K to the center, but because Black has
to spend a tempo recapturing on c5, checking on a1 has the effect of trading
Black's well-developed Ra8 for White's undeveloped Rh1.} ({After} 21... dxc5 $1
{Black may have been worried about} 22. d6 {which looks like it wins the Be7,
since} Bxd6 ({But Black has clear improvments in this line:} 22... Bxd6 $1 23.
Bxd6 Ra1+ 24. Kd2 Rxd1+ {and on either recapture the Bd3 is pinned to the K,
so Black can safely play ....Qxd6, after which material is equal, but White's
K is more exposed than Black's.}) ({In fact, 22.d6 is a mistake because Black
has even better} 22... c4 $3 $17 23. dxe7 (23. Bxc4 Ra1+ $8 24. Kd2 Bxd6 25.
Rxa1 Bxf4+ 26. Ke1 Re8+ 27. Be2 (27. Kf1 Ne4 $19) 27... Ne4 {with a winning
check coming from either d2, or a5 or g3 or h4.}) 23... Qxe7 {White is up a
piece, but has to give it back immediately with c2-c3 or will get destroyed by
...c3.} 24. c3 $1 (24. Bxc4 Ra1+ 25. Kd2 {Black regains at least a piece with
a huge attack with} Qb4+ $19 ({or} 25... Ne4+ $19)) (24. Qe2 Ra1+ 25. Kd2 Qb4+
$8 $19 {followed soon by ...Re8+ snagging the Q.}) (24. Be2 c3 $1 25. bxc3 Ne4
$19) 24... cxd3 25. Rxd3 Ne4 $1 $17) 23. Bxd6 Qxd6 $2 24. Bh7+ $18 {wins the Q
for White.}) 22. Kd2 Rxd1+ 23. Rxd1 Qa5+ (23... dxc5 24. c4 $5 $14) 24. Ke2
Qxc5 {[#] White is up a pawn with the B-pair, and although her K is in the
center, it is her opponent's K that is in danger. White plays the rest
forcefully and accurately.} 25. Be3 $1 Qb4 $6 ({Of course not} 25... Qxd5 $4
26. Bh7+ $18) (25... Qc7 $142 {coordinating with the kingside.}) 26. g5 $1 hxg5
27. Qxg5 {And Black has to give up a piece to avoid getting mated.} Qb7 (27...
Re8 28. Rg1 g6 29. Bxg6 Nxd5 30. Bh7+ $18) 28. Rg1 Ne8 {and White has a choice
of wins, e.g.} 29. Qh5 Nf6 30. Qh6 g6 31. Bxg6 1-0

[Event "2017 CCCSA IM Norm"]
[Site "Charlotte"]
[Date "2017.03.30"]
[Round "2"]
[White "Kleinman, Michael"]
[Black "Vigorito, David"]
[Result "1-0"]
[WhiteElo "2289"]
[BlackElo "2370"]
[Annotator "John Upper"]
[PlyCount "61"]
[EventDate "2017.??.??"]
[EventType "tourn"]
[EventCountry "USA"]
[SourceTitle "Chess Canada Tactiosauru"]
[Source "CFC/John Upper"]
[SourceDate "2023.03.11"]
[SourceVersion "1"]
[SourceVersionDate "2023.03.11"]
[SourceQuality "1"]

{[%evp 0,61,33,24,83,80,80,59,64,0,0,3,11,-2,25,12,22,-85,37,20,20,14,12,-1,-8,
5,-7,-8,0,-21,-13,24,-24,-27,-22,-42,6,6,38,40,44,43,27,22,107,72,329,151,144,
99,240,280,336,196,110,149,147,167,203,194,1789,2120,29979,1409]} 1. e4 c6 2.
d4 d5 3. exd5 cxd5 4. c4 Nf6 5. Nc3 Nc6 6. Bg5 dxc4 7. Bxc4 h6 8. Bh4 e6 9. Nf3
Be7 10. O-O O-O 11. a3 b6 12. Qd3 Bb7 13. Rfe1 Rc8 14. Bb3 Nh5 15. Bg3 Bf6 16.
Bc2 g6 17. Rxe6 $1 {This works only because ...h6 has weakened g6.} Nxg3 18.
hxg3 Bg7 19. Re4 Ne7 20. Rf4 Qc7 21. Re1 Rcd8 22. Ne5 Nc6 $2 23. Qc4 $16 {
Good, but not nearly the best.} (23. Nxf7 $3 $18 {this second strike on the
light squares would end the game:} Rxf7 (23... Rxd4 24. Qxg6 $18 {is mating.})
24. Bb3 Ne5 25. Rxe5 Bxe5 (25... Qxe5 26. Qxg6 $18) 26. Qxg6+ $18 {with total
ownership of the light squares.}) 23... Qe7 24. Bxg6 Bxe5 25. dxe5 Nxe5 {
[%mdl 32832] [#] Critical Position} 26. Rxe5 $4 {Giving away most of White's
advantage.} (26. Bxf7+ $1 Kh8 (26... Rxf7 $2 27. Rxe5 $18) (26... Qxf7 27. Rxe5
Qxc4 28. Rxc4 {and White is up two pawns with a much safer K.}) 27. Qe2 Rxf7
28. Rxf7 Qxf7 29. Qxe5+ $18 {also with an extra two pawns and huge initiative.}
) (26. Rxf7 $3 {putting yet a third piece en prise to the N would have been a
worthy finish:} Nxc4 27. Rexe7 Rfe8 (27... Rxf7 28. Bxf7+ Kf8 29. Rxb7 $18) 28.
Rg7+ Kh8 29. Rh7+ Kg8 30. Reg7+ Kf8 31. Rxb7 $18) 26... Qxe5 27. Rxf7 Bd5 $8
28. Nxd5 {[#]} Qxd5 $4 (28... Rxf7 $8 29. Bxf7+ Kxf7 $14 {and there are no
particularly useful discovered checks, though White's extra pawns and
protected K give him the easier game.}) 29. Qc7 $1 $18 Rfe8 30. Rg7+ Kf8 31.
Rh7 1-0